| 000 | 00372nam a2200109Ia 4500 | ||
|---|---|---|---|
| 008 | 171204s9999 xx 000 0 und d | ||
| 245 | _aMosaicos: Spanish As A World Language | ||
| 245 | _cElizabeth E. Guzmán and Matilde Olivella Castells | ||
| 260 | _c2014 | ||
| 650 | _xForeign language 2 (Spanish) | ||
| 856 | _uhttp://down.ebook777.com/025/MosSpaAsAWorLan6thEdiVol2.pdf | ||
| 999 |
_c346799 _d346799 |
||